Science Quiz

Random Science or Animal Quiz

Baby Beasts V Quiz Stats

Quiz Updated Sep 14, 2016

Also try: Baby Beasts IV
Challenge
Share
Tweet
Score 0/16 Timer 04:00
4 Plays Today
% Correct
Duck
98.4%
Black Bear
96.2%
Caribou
95.1%
Arctic Wolf
94.7%
Chimpanzee
91.5%
Llama
89%
Orangutan
85.1%
Bald Eagle
73.3%
% Correct
Hamster
73.2%
Jaguar
66.6%
Gecko
62.9%
Aardvark
62.4%
Cougar
58.3%
Porcupine
53.6%
Okapi
40.1%
Flamingo
39.9%

You're not logged in!

Compare scores with friends on all Sporcle quizzes.
Sign Up with Email
OR
Log In

You Might Also Like...

Show Comments

Extras

Top Quizzes Today


Score Distribution

Your Account Isn't Verified!

In order to create a playlist on Sporcle, you need to verify the email address you used during registration. Go to your Sporcle Settings to finish the process.